| 000 | 01796cam a22002054a 4500 | ||
|---|---|---|---|
| 005 | 20250605164352.0 | ||
| 008 | 250528s ||||||||||||||||||||||||d | ||
| 035 | _a24134 | ||
| 020 | _a9607019938 | ||
| 040 |
_aGR-AtMCL _bgre _dGR-AtMCL _eAACR2 |
||
| 245 | 1 | _aΔυσλεξία / Αριστεροχειρία, Κινητική Αδεξιότητα, Υπερκινητικότητα / Θεωρία και Διάγνωση και Αντιμετώπιση με Ειδικές Ασκήσεις | |
| 250 | _a4η | ||
| 260 |
_aΑθήνα _bΕλληνικά Γράμματα, _c1998 |
||
| 300 | _a240 | ||
| 520 | _aΠρόλογος, Θεωρητική Διάσταση, Εισαγωγή στη Θεωρία, Γύρω από τη Δυσλεξία, Αίτια της Δυσλεξίας, Ευρωπαϊκό Συνέδριο Δυσλεξίας 1990 - Συμπεράσματα, Ψυχολογική Διάσταση της Διάγνωσης - Επισημάνσεις και Βήματα, Αντιμετώπιση, Επιμέρους Τομείς Ανάπτυξης, Υπερκινητικότητα ή Υπερκινητικό Σύνδρομο, Κινητική Αδεξιότητα ή Ελλιπής Κινητικός Συντονισμός, Αριστεροχειρία, Ανάπτυξη Ικανότητας Ανάγνωσης και Δυσλεξία στην Πρωτοβάθμια Εκπαίδευση, Δυσλεξία στην Δευτεροβάθμια Εκπαίδευση, Δυσλεξία στην Ξένη Γλώσσα, Κατάλογος Ιατροπαιδαγωγικών Κέντρων του Υπουργείου Υγείας και Πρόνοιας, Βιβλιογραφία. | ||
| 700 | 1 |
_aΜάρκου Σπύρος Ν _99396 |
|
| 942 | _cBK | ||
| 999 |
_c9032 _d9032 |
||